000 01065nam a2200241 a 4500
001 38935
003 BD-RjUL
005 20211209052903.0
008 160323s2014 bg a||| b||| 000 0bben d
020 _a9847020500582
_c: TK.350.00
035 _a(BD-RjUL)39045
040 _aBD-RjUL
_bben
_cBD-RjUL
041 _aben
082 _223
_bKHL 2014
_a891.44384
100 _aখালেদউজ্জামান, মো:
_9120175
245 1 0 _aলালন দর্শনে মানবতাবাদ = Humanism in the philosophy of Lalon /
_cমো.খালেদউজ্জামান
260 _aঢাকা:
_bনভেল পাবলিশিং হাউস,
_c২০১৪.
300 _a৩৩৬ পৃ. :
_bচিত্র. ;
_c২২ সেমি.
504 _aগ্রন্থপঞ্জী সংযুক্ত
600 _aশাহ,লালন
_d১৭৭৪-১৮৯০
_xসমালোচনা ও ব্যাখ্যা
_9123749
600 _aShah, Lalon
_d1774-1890
_xCriticism and interpretation
_9123750
942 _2ddc
_cBK
_06
999 _c38935
_d38935